Harry Potter, General Knowledge - Statistics

General Stats
  • This quiz has been taken 1,006 times
  • The average score is 11 of 25
Answer Stats
Hint Answer % Correct
Fawkes is one of these Phoenix
87%
The Half-Blood Prince Severus Snape
82%
Hermione's patronus Otter
80%
Lucius, Bellatrix and Sirius are inmates Azkaban
78%
Xenophilius' magazine The Quibbler
77%
Cranky House-Elf at Grimmauld Place Kreacher
76%
Ernie Macmillan's House Hufflepuff
67%
Cursed by a necklace Katie Bell
60%
Pettigrew's alias Wormtail
58%
Guarded by a Cerberus The Philosopher's Stone
54%
Orla Quirke, Malcolm Baddock and Dennis Creevey were sorted in this year 1994
46%
She who originally stole it Helena Ravenclaw
45%
Sleepwalks; wears shoes to bed Luna Lovegood
45%
Tom Riddle's mother Merope Gaunt
45%
Creator of aforementioned mineral Nicolas Flamel
44%
Hidden Horcrux in the Room of Requirement Ravenclaw's Diadem
38%
Dumbledore's Army traitor Marietta Edgecombe
31%
Fleur was taken by these during the Second Task Grindylows
30%
Harry's Gringott's vault number 687
12%
Dobby's birthday 28th June
2%
Mungo ______, Founder of the Wizarding Hospital Bonham
2%
The Appleby Arrows quidditch team was founded 1612
1%
First female Minister for Magic Artemisia Lufkin
1%
First landlady of the Leaky Cauldron Daisy Dodderidge
1%
The sticking charm Waddiwasi
1%
No matching quizzes found
Score Distribution
Percent of People with Each Score
Percentile by Number Answered
Your Score History
You have not taken this quiz